| 000 | 00470pab a2200169 454500 | ||
|---|---|---|---|
| 008 | 180718b2001 xxu||||| |||| 00| 0 eng d | ||
| 100 | _aMoon, Sin-Yong | ||
| 245 | _aThe utilization of the internet technology in the public services of Korea | ||
| 260 | _c2001 | ||
| 300 | _ap.30-45 | ||
| 362 | _aJan-Jun | ||
| 650 | _aCivil service - Korea | ||
| 650 | _aInternet - Korea | ||
| 650 | _aInternet | ||
| 773 | _aAsian Review of Public Administration | ||
| 909 | _a53264 | ||
| 999 |
_c53264 _d53264 |
||